• 首页
  • 本馆介绍
  • 公告通知
  • 最新文献
  • 馆藏检索
  • 电子资源
  • 读者导购
  • 参考咨询
  • 我的图书馆
  • 登录
  • 详细信息显示
  • 放入我的书架
  • 预约/预借图书
  • 作者相关作品
  • 分类相关作品
  • 丛书相关作品
  • 出版社相关作品

书目信息

  • 表格格式
  • 工作单格式
  • 卡片格式
题名:
现代医学影像诊断与临床
    
 
作者: 索峰 编著
分册:  
出版信息: 长春   吉林科学技术出版社  2019.05
页数: 694页
开本: 29cm
丛书名:
单 册:
中图分类: R445
科图分类:
主题词: 影象诊断--ying xiang zhen duan
电子资源:
ISBN: 978-7-5578-3842-3
000 00971nam0 2200241 450
001 CAL 0120192798621
005 20230217093111.0
010    @a978-7-5578-3842-3@dCNY238.00
100    @a20190717d2019 em y0chiy0120 ea
101 0  @achi
102    @aCN@b220000
105    @aak a 000yy
106    @ar
200 1  @a现代医学影像诊断与临床@Axian dai yi xue ying xiang zhen duan yu lin chuang@f索峰等编著
210    @a长春@c吉林科学技术出版社@d2019.05
215    @a694页@c图@d29cm
320    @a有书目 (第693-694页)
330    @a本书内容涉及临床医学影像的基础理论、各项诊断方法, 以及临床应用, 包括: 普通放射、CT、MRI、超声等内容, 重点介绍了医学影像所涉及到的常见疾病的病因病理、检查诊断方法及相关操作技术等, 全书秉承“先进、科学”的原则, 侧重临床实用性, 力求对医学影像的疾病诊断起到一定的帮助作用。
606 0  @a影象诊断@Aying xiang zhen duan
690    @aR445@v5
701  0 @a索峰@Asuo feng@4编著
801  0 @aCN@bBJXHZP@c20230228
905    @b1408126-7@dR445@e178@f2
    
    现代医学影像诊断与临床/索峰等编著.-长春:吉林科学技术出版社,2019.05
    694页:图;29cm
    
    
    ISBN 978-7-5578-3842-3:CNY238.00
    本书内容涉及临床医学影像的基础理论、各项诊断方法, 以及临床应用, 包括: 普通放射、CT、MRI、超声等内容, 重点介绍了医学影像所涉及到的常见疾病的病因病理、检查诊断方法及相关操作技术等, 全书秉承“先进、科学”的原则, 侧重临床实用性, 力求对医学影像的疾病诊断起到一定的帮助作用。
●
相关链接 在E读中查询图书 在五车中查询图书 在当当中查询图书 在豆瓣中查询图书


正题名:现代医学影像诊断与临床     索取号:R445/178         预约/预借

序号 登录号 条形码 馆藏地/架位号 状态 备注
1 1408126   214081269   第二样本阅览室/ [索取号:R445/178] 在馆    
2 1408127   214081278   第三借阅区/ [索取号:R445/178] 在馆    
唐山师范学院图书馆 欢迎您!
大连网信软件有限公司© 版权所有